[Event "HUN-chT2 Breyer 1718"]
[Site "Hungary"]
[Date "2017.09.24"]
[Round "1.4"]
[White "Papagorasz, Takisz"]
[Black "Horvath, Csaba3333"]
[Result "1/2-1/2"]
[WhiteElo "2146"]
[BlackElo "2222"]
[PlyCount "26"]
[EventDate "2017.09.24"]
[EventType "team-tourn"]
[EventRounds "11"]
[EventCountry "HUN"]
[SourceTitle "EXT 2021"]
[Source "ChessBase"]
[SourceDate "2020.10.23"]
[SourceVersion "1"]
[SourceVersionDate "2020.10.23"]
[SourceQuality "1"]
[WhiteTeam "Szekesfehervar"]
[BlackTeam "Naszaly Geniusz Tata"]
[WhiteTeamCountry "HUN"]
[BlackTeamCountry "HUN"]

1. d4 d5 2. c4 dxc4 3. Nf3 Nf6 4. Na3 e6 5. Nxc4 Bb4+ 6. Bd2 Bxd2+ 7. Qxd2 0-0 8. e3 b6 9. Bd3 Bb7 10. Qe2 Ne4 11. Nfd2 Nxd2 12. Nxd2 Nd7 13. 0-0 c5 1/2-1/2

[Event "HUN-chT2 Asztalos 1617"]
[Site "Hungary"]
[Date "2016.12.11"]
[Round "6.2"]
[White "Papagorasz, Takisz"]
[Black "Mohacsi, Andras J"]
[Result "1/2-1/2"]
[WhiteElo "2132"]
[BlackElo "2191"]
[PlyCount "27"]
[EventDate "2016.09.25"]
[EventType "team-tourn"]
[EventRounds "11"]
[EventCountry "HUN"]
[SourceTitle "EXT 2021"]
[Source "ChessBase"]
[SourceDate "2020.10.23"]
[SourceVersion "1"]
[SourceVersionDate "2020.10.23"]
[SourceQuality "1"]
[WhiteTeam "Fehervar"]
[BlackTeam "Sarosd"]
[WhiteTeamCountry "HUN"]
[BlackTeamCountry "HUN"]

1. d4 b6 2. e4 Bb7 3. Nc3 e6 4. Nf3 d6 5. Bd3 Nf6 6. Qe2 Nbd7 7. 0-0 Be7 8. h3 0-0 9. Bf4 Re8 10. Rad1 Nf8 11. Rfe1 Ng6 12. Bc1 Qc8 13. Ng5 e5 14. d5 1/2-1/2

[Event "HUN-chT2 Asztalos 1617"]
[Site "Hungary"]
[Date "2016.11.13"]
[Round "4.2"]
[White "Papagorasz, Takisz"]
[Black "Paszler, Jozsef"]
[Result "1/2-1/2"]
[WhiteElo "2132"]
[BlackElo "2190"]
[PlyCount "26"]
[EventDate "2016.09.25"]
[EventType "team-tourn"]
[EventRounds "11"]
[EventCountry "HUN"]
[SourceTitle "EXT 2021"]
[Source "ChessBase"]
[SourceDate "2020.10.23"]
[SourceVersion "1"]
[SourceVersionDate "2020.10.23"]
[SourceQuality "1"]
[WhiteTeam "Fehervar"]
[BlackTeam "Decs 1990 II"]
[WhiteTeamCountry "HUN"]
[BlackTeamCountry "HUN"]

1. d4 Nf6 2. Nf3 g6 3. c4 Bg7 4. g3 0-0 5. Bg2 d6 6. 0-0 Nbd7 7. Nc3 c6 8. b3 Re8 9. Bb2 e5 10. dxe5 dxe5 11. e4 Qe7 12. a4 Qb4 13. Na2 Qb6 1/2-1/2

[Event "Fejer County-ch"]
[Site "Fejer Region"]
[Date "2016.11.05"]
[Round "1"]
[White "Papagorasz, Takisz"]
[Black "Toth, Jozsef1111"]
[Result "1-0"]
[WhiteElo "2131"]
[BlackElo "1663"]
[PlyCount "55"]
[EventDate "2016.11.05"]
[EventType "swiss"]
[EventRounds "7"]
[EventCountry "HUN"]
[SourceTitle "EXT 2018"]
[Source "ChessBase"]
[SourceDate "2017.10.13"]
[SourceVersion "1"]
[SourceVersionDate "2017.10.13"]
[SourceQuality "1"]

1. c4 Nf6 2. Nc3 e6 3. g3 c6 4. Bg2 d5 5. d4 Be7 6. Nf3 Nbd7 7. 0-0 0-0 8. Qb3 dxc4 9. Qxc4 Nd5 10. e4 N5b6 11. Qe2 Nf6 12. Rd1 Qe8 13. a4 Nbd7 14. Bf4 Nh5 15. Be3 Nhf6 16. h3 a6 17. a5 b5 18. axb6 Nxb6 19. d5 cxd5 20. Bxb6 dxe4 21. Nxe4 Bb7 22. Ne5 Nd5 23. Bd4 f6 24. Nc4 Qc6 25. Na5 Qc8 26. Nxb7 Qxb7 27. Nc5 Bxc5 28. Qxe6+ 1-0

[Event "HUN-chT2 Asztalos 1516"]
[Site "Hungary"]
[Date "2016.02.28"]
[Round "8.2"]
[White "Papagorasz, Takisz"]
[Black "Keszi, Janos"]
[Result "1-0"]
[WhiteElo "2138"]
[BlackElo "2019"]
[PlyCount "87"]
[EventDate "2015.09.13"]
[EventType "team-tourn"]
[EventRounds "11"]
[EventCountry "HUN"]
[SourceTitle "EXT 2017"]
[Source "ChessBase"]
[SourceDate "2016.10.25"]
[SourceVersion "1"]
[SourceVersionDate "2016.10.25"]
[SourceQuality "1"]
[WhiteTeam "Fehervar"]
[BlackTeam "Sarosd"]
[WhiteTeamCountry "HUN"]
[BlackTeamCountry "HUN"]

1. d4 d5 2. c4 e5 3. dxe5 d4 4. Nf3 Nc6 5. a3 a5 6. e3 Bc5 7. exd4 Bxd4 8. Be2 Bf5 9. 0-0 Nge7 10. Nbd2 Bxe5 11. Nxe5 Nxe5 12. Qb3 0-0 13. Rd1 Qc8 14. Nf3 N7c6 15. Bf4 Re8 16. Rd5 Nxf3+ 17. Bxf3 Be4 18. Rd2 Bxf3 19. Qxf3 Qe6 20. h3 Qxc4 21. Rad1 Qe4 22. Qxe4 Rxe4 23. Bxc7 f6 24. Bb6 Kf7 25. Rd7+ Re7 26. Bc5 Rxd7 27. Rxd7+ Ke6 28. Rxg7 Kd5 29. Bb6 Ne5 30. Rxb7 Nc4 31. Be3 Ke4 32. a4 h5 33. b3 Nxe3 34. Re7+ Kd3 35. Rxe3+ Kc2 36. Rf3 Ra6 37. g3 f5 38. Kg2 Rf6 39. Re3 f4 40. Rf3 Rg6 41. Rxf4 Kxb3 42. g4 hxg4 43. hxg4 Rb6 44. g5 1-0

[Event "HUN-chT2 Asztalos 1516"]
[Site "Hungary"]
[Date "2015.12.06"]
[Round "6.3"]
[White "Varga, Zsolt"]
[Black "Papagorasz, Takisz"]
[Result "1/2-1/2"]
[WhiteElo "2006"]
[BlackElo "2138"]
[PlyCount "69"]
[EventDate "2015.09.13"]
[EventType "team-tourn"]
[EventRounds "11"]
[EventCountry "HUN"]
[SourceTitle "CBM 170 Extra"]
[Source "ChessBase"]
[SourceDate "2016.02.25"]
[SourceVersion "1"]
[SourceVersionDate "2016.02.25"]
[SourceQuality "1"]
[WhiteTeam "Pecs Karmin"]
[BlackTeam "Fehervar"]
[WhiteTeamCountry "HUN"]
[BlackTeamCountry "HUN"]

1. e4 e5 2. Nf3 Nc6 3. Bb5 a6 4. Ba4 Nf6 5. 0-0 Be7 6. d3 d6 7. h3 b5 8. Bb3 Na5 9. Nc3 0-0 10. Bg5 c6 11. Qe2 h6 12. Bd2 Nh7 13. Nd1 Nxb3 14. axb3 Ng5 15. Nxg5 Bxg5 16. Bxg5 Qxg5 17. Qe3 d5 18. Qxg5 hxg5 19. exd5 cxd5 20. Nc3 Bb7 21. Ne2 Rac8 22. c3 f5 23. f3 g6 24. b4 d4 25. Rac1 dxc3 26. Rxc3 Rfd8 27. Rfc1 Rxc3 28. Rxc3 Rd7 29. Kf2 Kf7 30. Nc1 e4 31. fxe4 fxe4 32. Ke3 exd3 33. Nxd3 Re7+ 34. Kf2 Kg7 35. Kg3 1/2-1/2

[Event "HUN-chT2 Asztalos 1516"]
[Site "Hungary"]
[Date "2015.11.29"]
[Round "5.3"]
[White "Papagorasz, Takisz"]
[Black "Kadlicsko, Jozsef1111"]
[Result "1/2-1/2"]
[WhiteElo "2138"]
[BlackElo "2182"]
[PlyCount "54"]
[EventDate "2015.09.13"]
[EventType "team-tourn"]
[EventRounds "11"]
[EventCountry "HUN"]
[SourceTitle "CBM 170 Extra"]
[Source "ChessBase"]
[SourceDate "2016.02.25"]
[SourceVersion "1"]
[SourceVersionDate "2016.02.25"]
[SourceQuality "1"]
[WhiteTeam "Fehervar"]
[BlackTeam "Kaposvar Bastya"]
[WhiteTeamCountry "HUN"]
[BlackTeamCountry "HUN"]

1. d4 Nf6 2. c4 e6 3. Nf3 b6 4. g3 Bb7 5. Bg2 d5 6. Ne5 Be7 7. Nc3 0-0 8. 0-0 Nbd7 9. Bf4 Ne4 10. Nxe4 dxe4 11. Qc2 f5 12. Rad1 g5 13. Nxd7 Qxd7 14. Be5 Bf6 15. f3 Bxe5 16. dxe5 Qc6 17. b4 Rf7 18. fxe4 a5 19. a3 axb4 20. axb4 Ra4 21. Rd8+ Kg7 22. Qd2 h6 23. h4 g4 24. Rd1 Ra8 25. Rd7 Raf8 26. Qd4 fxe4 27. b5 Qc5 1/2-1/2

[Event "HUN-chT2 Asztalos 1415"]
[Site "Hungary"]
[Date "2015.03.22"]
[Round "8.3"]
[White "Zsigmond, Karoly"]
[Black "Papagorasz, Takisz"]
[Result "0-1"]
[WhiteElo "2060"]
[BlackElo "2132"]
[PlyCount "48"]
[EventDate "2014.10.12"]
[EventType "team-tourn"]
[EventRounds "9"]
[EventCountry "HUN"]
[SourceTitle "EXT 2016"]
[Source "ChessBase"]
[SourceDate "2015.10.08"]
[SourceVersion "1"]
[SourceVersionDate "2015.10.08"]
[SourceQuality "1"]
[WhiteTeam "Dunaujvaros"]
[BlackTeam "Fehervar"]
[WhiteTeamCountry "HUN"]
[BlackTeamCountry "HUN"]

1. e4 e5 2. Nf3 Nc6 3. Bc4 Nf6 4. Ng5 d5 5. exd5 Na5 6. Bb5+ c6 7. dxc6 bxc6 8. Ba4 h6 9. Nf3 e4 10. Ng1 Bc5 11. b4 Bxb4 12. c3 Bc5 13. Ba3 Bxa3 14. Nxa3 0-0 15. Ne2 Qd6 16. Nc2 Nc4 17. Ne3 Nb2 18. Qc2 Nd3+ 19. Kf1 Rb8 20. Bb3 Be6 21. Bxe6 fxe6 22. g3 Nd5 23. Nd1 Nxf2 24. Nxf2 e3 0-1

[Event "HUN-chT2 Asztalos 1314"]
[Site "Hungary"]
[Date "2014.04.13"]
[Round "8.3"]
[White "Babits, Andras"]
[Black "Papagorasz, Takisz"]
[Result "1-0"]
[WhiteElo "2122"]
[BlackElo "2163"]
[PlyCount "87"]
[EventDate "2013.09.08"]
[EventType "team-tourn"]
[EventRounds "9"]
[EventCountry "HUN"]
[SourceTitle "EXT 2016"]
[Source "ChessBase"]
[SourceDate "2015.10.08"]
[SourceVersion "1"]
[SourceVersionDate "2015.10.08"]
[SourceQuality "1"]
[WhiteTeam "Marcali"]
[BlackTeam "Fehervar"]
[WhiteTeamCountry "HUN"]
[BlackTeamCountry "HUN"]

1. e4 e5 2. Nc3 Nc6 3. g3 Bc5 4. Bg2 d6 5. Nge2 Nf6 6. Na4 Bb6 7. Nxb6 axb6 8. c4 Be6 9. d3 h6 10. h3 Qe7 11. Be3 g5 12. Qd2 Rg8 13. a3 Nd7 14. Qc2 f5 15. exf5 Bxf5 16. Be4 Bxe4 17. dxe4 Nc5 18. 0-0-0 0-0-0 19. Nc3 Qh7 20. h4 g4 21. Rhe1 Rdf8 22. Re2 Rf3 23. b4 Ne6 24. Nb5 Qe7 25. Red2 Ned4 26. Qa4 Rgf8 27. Kb2 Nxb5 28. cxb5 Nd4 29. Qa8+ Kd7 30. Qxb7 Qe6 31. Qd5 Qxd5 32. exd5 Nf5 33. Rc2 Nxe3 34. fxe3 Rf2 35. Rg1 Rf1 36. Rgg2 Re1 37. Rc3 Rf3 38. Rgc2 c5 39. dxc6+ Kc7 40. a4 Rexe3 41. Rxe3 Rxe3 42. a5 Re4 43. axb6+ Kxb6 44. c7 1-0

[Event "HUN-chT2 Asztalos 1314"]
[Site "Hungary"]
[Date "2013.11.03"]
[Round "4.4"]
[White "Papagorasz, Takisz"]
[Black "Mitric, Milutin"]
[Result "1-0"]
[WhiteElo "2163"]
[BlackElo "2045"]
[PlyCount "48"]
[EventDate "2013.09.08"]
[EventType "team-tourn"]
[EventRounds "9"]
[EventCountry "HUN"]
[SourceTitle "EXT 2016"]
[Source "ChessBase"]
[SourceDate "2015.10.08"]
[SourceVersion "1"]
[SourceVersionDate "2015.10.08"]
[SourceQuality "1"]
[WhiteTeam "Fehervar"]
[BlackTeam "Pecs Karmin"]
[WhiteTeamCountry "HUN"]
[BlackTeamCountry "HUN"]

1. d4 Nf6 2. c4 g6 3. Nc3 Bg7 4. e4 d6 5. Nf3 0-0 6. Be2 Nc6 7. 0-0 e5 8. d5 Ne7 9. b4 Ne8 10. Bd2 f5 11. Ng5 f4 12. Bg4 Nf5 13. Ne6 Bxe6 14. dxe6 Ne7 15. Rc1 Nf6 16. a3 h5 17. Bf3 Bh6 18. Nd5 c6 19. Bxf4 exf4 20. Nxf4 Nxe4 21. Nxg6 Nxg6 22. Bxe4 Nf4 23. Kh1 Qf6 24. Rg1 Kh8 1-0

[Event "HUN-chT2 Charousek 1213"]
[Site "Hungary"]
[Date "2013.03.24"]
[Round "9"]
[White "Forgacs, Attila"]
[Black "Papagorasz, Takisz"]
[Result "1-0"]
[WhiteElo "2197"]
[BlackElo "2167"]
[PlyCount "109"]
[EventDate "2012.09.16"]
[EventType "team-tourn"]
[EventRounds "11"]
[EventCountry "HUN"]
[SourceTitle "EXT 2014"]
[Source "ChessBase"]
[SourceDate "2013.11.20"]
[SourceVersion "1"]
[SourceVersionDate "2013.11.20"]
[SourceQuality "1"]
[WhiteTeam "Balatonfuered"]
[BlackTeam "Fehervar"]
[WhiteTeamCountry "HUN"]
[BlackTeamCountry "HUN"]

1. e4 e5 2. Nf3 Nc6 3. Bb5 a6 4. Ba4 g6 5. c3 Bg7 6. d4 Nge7 7. 0-0 0-0 8. Bb3 d6 9. h3 h6 10. Be3 Na5 11. dxe5 dxe5 12. Qc1 Nxb3 13. axb3 Kh7 14. Rd1 Qe8 15. c4 f5 16. Nc3 fxe4 17. Nxe4 Qc6 18. Nfd2 Nf5 19. Qc3 Be6 20. f3 Rad8 21. Nf1 Nd4 22. Bxd4 exd4 23. Qd3 Be5 24. Re1 Bf4 25. Re2 Bc8 26. Rae1 h5 27. Neg3 Kh6 28. Ne4 h4 29. Nh2 Be3+ 30. Kh1 Bf5 31. Ng4+ Bxg4 32. hxg4 Rfe8 33. Rxe3 dxe3 34. Qxe3+ Kg7 35. Qc3+ Kh7 36. Nf6+ Kh6 37. Nxe8 Rxe8 38. Qd2+ Kh7 39. Rxe8 Qxe8 40. Qf2 g5 41. Kg1 Qg6 42. Qd4 Qb1+ 43. Kh2 Qc1 44. Qe5 c6 45. f4 gxf4 46. Qh5+ Kg7 47. Qg5+ Kh7 48. Qf5+ Kg7 49. Qe5+ Kg6 50. Qe6+ Kg7 51. Qd7+ Kg6 52. Qxb7 Qe3 53. Qxc6+ Kg5 54. Qf3 Qc1 55. Qc3 1-0

[Event "HUN-chT2 Charousek 1213"]
[Site "Hungary"]
[Date "2013.03.03"]
[Round "8"]
[White "Papagorasz, Takisz"]
[Black "Darazs, Zoltan"]
[Result "1/2-1/2"]
[WhiteElo "2167"]
[BlackElo "2137"]
[PlyCount "84"]
[EventDate "2012.09.16"]
[EventType "team-tourn"]
[EventRounds "11"]
[EventCountry "HUN"]
[SourceTitle "EXT 2014"]
[Source "ChessBase"]
[SourceDate "2013.11.20"]
[SourceVersion "1"]
[SourceVersionDate "2013.11.20"]
[SourceQuality "1"]
[WhiteTeam "Fehervar"]
[BlackTeam "Kobanya Aquarena"]
[WhiteTeamCountry "HUN"]
[BlackTeamCountry "HUN"]

1. d4 Nf6 2. c4 g6 3. Nc3 d5 4. cxd5 Nxd5 5. e4 Nxc3 6. bxc3 Bg7 7. Nf3 c5 8. Rb1 0-0 9. Be2 Bg4 10. Be3 Nc6 11. e5 cxd4 12. cxd4 Bxf3 13. Bxf3 Qa5+ 14. Qd2 Qxd2+ 15. Kxd2 Rfd8 16. Bxc6 bxc6 17. Ke2 f6 18. f4 Rab8 19. Rhc1 Kf7 20. Kf3 Rxb1 21. Rxb1 Ke6 22. Rb7 Rd7 23. Rb8 Kd5 24. g4 fxe5 25. fxe5 e6 26. Ke2 c5 27. Rb5 Rc7 28. Kd3 a6 29. Ra5 Rc6 30. Bg5 Bf8 31. h4 Rb6 32. dxc5 Bxc5 33. Be3 Rb5 34. Rxa6 Bxe3 35. Kxe3 Kxe5 36. Ra7 h5 37. gxh5 gxh5 38. Ra4 Rb2 39. Ra5+ Kf6 40. Rxh5 Rxa2 41. Rh6+ Ke5 42. Rh5+ Kf6 1/2-1/2